000 00502nam a2200181Ia 4500
003 GCL
008 140319s9999 xx 000 0 ara d
040 _aGCL /
_cGCL
082 0 4 _aق
_b291.32
_bد ا
100 1 _aدوماس، فرانسوا
245 1 0 _aالهة مصر /
_cدوماس، فرانسوا
490 _a
650 0 4 _aمصر القديمة
650 0 4 _aالحضارة الفرعونية
650 0 4 _aالديانات القديمة
650 0 4 _aالخرائط
942 _2ddc
_cBK
999 _c39246
_d39246